Score 0/15 Timer 05:00
0 Plays Today
Hint Answer % Correct
ZO FO HET ZAWRIDThe Wizard of Oz
98.2%
EVOL, ZARYC, PUIDSTCrazy, Stupid, Love
93.8%
UBOAT VEE LALAll About Eve
91.9%
HET XES YICT NADSex and the City
91.6%
RUTH CLOKER HETThe Hurt Locker
86.9%
KROY FO WEN NAGGSGangs of New York
85.6%
HET FO HET FO PEAS LEANPT SIRERise of the Planet of the Apes
84.6%
DOL ROF NEM YONCURT ONNo Country for Old Men
84.5%
Hint Answer % Correct
UF DAPAN GUNKKung Fu Panda
82.8%
STABE HET NAD YUBETABeauty and the Beast
82.4%
A LILK GRIDBONKMIC OTTo Kill a Mockingbird
80.3%
HET RAK SLOT FO RAREDISRaiders of the Lost Ark
78.1%
DADE HET THING FO VINGILNight of the Living Dead
75.2%
DADE HET FO HUNSAShaun of the Dead
69.6%
YAD ROOFNEANT GODDog Day Afternoon
60.4%

You're not logged in!

Compare scores with friends on all Sporcle quizzes.
OR
Log In

Sporcle TV

Today on Sporcle TV


Watch our educational content, quiz creation guides, and fun videos on Sporcle TV.

Show Comments

Extras

Top Quizzes Today


Score Distribution

Your Account Isn't Verified!

In order to create a playlist on Sporcle, you need to verify the email address you used during registration. Go to your Sporcle Settings to finish the process.

Report this User

Report this user for behavior that violates our Community Guidelines.

Details: